Animals

Bibliographic Details
Main Author: Willis, John (Author)
Format: Book
Published: New York : AV2 by Weigl , 2019
Series:Science opposites
Subjects:

MARC

LEADER 00000cam a2200000 7i4500
001 0000234077
005 20241025161045.0
020 |a 9781489684677 
040 |a MBPJ   |b eng   |c MBPJ   |e rda 
090 0 0 |a JF   |b WIL 
100 1 |a Willis, John ,   |e author 
245 1 0 |a Animals   |c John Willis 
260 |a New York :   |b AV2 by Weigl ,   |c 2019 
300 |a 24p. :   |b col.,photos,ill. ;   |c 22cm. 
336 |a still image  |2 rdacontent 
336 |a text  |2 rdacontent 
337 |a unmediated  |2 rdamedia 
338 |a volume  |2 rdacarrier 
490 0 |a Science opposites 
650 0 |a Animals   |v Juvenile literature 
999 |a 00374935   |b BUKU   |c PINJAMAN   |e PERPUSTAKAAN KOMUNITI PETALING JAYA 
999 |a 00375472   |b BUKU   |c PINJAMAN   |e PERPUSTAKAAN KOMUNITI PETALING JAYA